Statistics for Communist World Leaders Quiz

Click here to take the quiz!

General Stats

  • This quiz has been taken 45 times
  • The average score is 11 of 20

Answer Stats

HintHintAnswer% Correct
Soviet Union1924-1953J. V. Stalin
100%
Soviet Union1922-1924V. I. Lenin
100%
Cuba1959-2008Fidel Castro
98%
China1949-1976Mao Zedong
98%
Cuba2008-2018Raúl Castro
98%
Vietnam1945-1969Ho Chi Minh
93%
North Korea1948-1994Kim Il Sung
90%
Soviet Union1953-1964Nikita Khrushchev
88%
Soviet Union1985-1991Mikhail Gorbachev
83%
Albania1944-1985Enver Hoxha
59%
East Germany1976-1989Erich Honecker
54%
Romania1965-1989Nicolae Ceaușescu
44%
East Germany1960-1973Walter Ulbricht
39%
Cuba2018–Miguel Díaz-Canel
20%
Bulgaria1962-1971Todor Zhivkov
15%
East Germany1949-1960Wilhelm Pieck
15%
Czechoslovakia1948-1953Klement Gottwald
10%
Poland1947-1956Bolesław Bierut
7%
Bulgaria1946-1949Georgi Dimitrov
7%
Hungary1949-1956Mátyás Rákosi
2%

Score Distribution

Percentile by Number Answered

Percent of People with Each Score

Your Score History

You have not taken this quiz